书目信息 |
| 题名: |
毛泽东点评国民党著名将领
|
|
| 作者: | 马祥林 | |
| 分册: | ||
| 出版信息: | 北京 民主与建设出版社 2006 |
|
| 页数: | 343 | |
| 开本: | 20cm | |
| 丛书名: | ||
| 单 册: | ||
| 中图分类: | A75 | |
| 科图分类: | ||
| 主题词: | 毛泽东--生平事迹 , 毛泽东--传记 | |
| 电子资源: | ||
| ISBN: | 7-80112-724-2 | |
| 000 | 00568nam0 2200193 450 | |
| 001 | 0735257515 | |
| 005 | 20070904094737.51 | |
| 010 | @a7-80112-724-2@d38 | |
| 100 | @a20070904d km y0chiy0120 ea | |
| 101 | 0 | @achi |
| 200 | 1 | @a毛泽东点评国民党著名将领@Amao ze dong dian ping guo min dang zhu ming jiang ling@f马祥林@Fma xiang lin |
| 210 | @a北京@c民主与建设出版社@d2006 | |
| 215 | @a343@d20cm | |
| 606 | 0 | @a毛泽东@x生平事迹 |
| 606 | 0 | @a毛泽东@x传记 |
| 690 | @aA75@v3 | |
| 701 | 0 | @a马祥林@Ama xiang lin |
| 801 | 0 | @aCN@bPFT@c20070904 |
| 905 | @a213230@dA75@ea13@f1 | |
| 毛泽东点评国民党著名将领/马祥林.-北京:民主与建设出版社,2006 |
| 343;20cm |
| ISBN 7-80112-724-2:38 |
| ● |
| 相关链接 |
|
|
|
|
正题名:毛泽东点评国民党著名将领
索取号:A75/a13
 
预约/预借
| 序号 | 登录号 | 条形码 | 馆藏地/架位号 | 状态 | 备注 |
| 1 | 7500134 | 275001347 | 史法系资料室/ [索取号:A75/a13] | 在馆 |